Score 0/40 Timer 10:00
0 Plays Today
% Correct
Rock
96.2%
Gander Academy
96.2%
Airport Blvd
92.3%
Newfoundland
88.5%
Dover Fault
84.6%
The Baptist Church
84.6%
LA
80.8%
Brooklyn
80.8%
The library
80.8%
Shoppers
76.9%
The Lions Club
76.9%
everywhere
76.9%
Dallas
73.1%
Egypt
73.1%
London
73.1%
Appleton
73.1%
The pharmacy
69.2%
Walmart
69.2%
Columbus Zoo
69.2%
Paris
65.4%
% Correct
The Salvation Army camp
65.4%
A gas station
61.5%
Toledo
61.5%
The Gander Community Centre hockey rink
61.5%
New York
61.5%
Lewisporte
57.7%
Town Hall
57.7%
Tim Hortons
53.8%
Washington, DC
50%
Ottawa
50%
The airport
50%
The Legion
46.2%
gulf
46.2%
US border
46.2%
Hanger One
46.2%
Yarmouth
26.9%
Bar Harbour
19.2%
Port au Basques
15.4%
goose
11.5%
Port aux Basques
7.7%

You're not logged in!

Compare scores with friends on all Sporcle quizzes.
OR
Log In

Sporcle TV

Today on Sporcle TV


Watch our educational content, quiz creation guides, and fun videos on Sporcle TV.

Show Comments

Extras

Top Quizzes Today


Score Distribution

Paid Content

Your Account Isn't Verified!

In order to create a playlist on Sporcle, you need to verify the email address you used during registration. Go to your Sporcle Settings to finish the process.

Report this User

Report this user for behavior that violates our Community Guidelines.

Details: